[Event "Platense-ch"]
[Site "La Plata"]
[Date "2018.01.13"]
[Round "8"]
[White "Lescano, Pablo Martin"]
[Black "Nascimbene, Ramiro"]
[Result "0-1"]
[WhiteElo "1667"]
[BlackElo "1617"]
[PlyCount "111"]
[EventDate "2018.01.03"]
[EventType "swiss"]
[EventRounds "9"]
[EventCountry "ARG"]
[SourceTitle "EXT 2019"]
[Source "ChessBase"]
[SourceDate "2018.10.10"]
[SourceVersion "1"]
[SourceVersionDate "2018.10.10"]
[SourceQuality "1"]

1. d4 d5 2. c4 e6 3. Nc3 Nf6 4. Bg5 Be7 5. Nf3 c6 6. e3 b6 7. cxd5 exd5 8. Ne5 Bb7 9. Qa4 0-0 10. Rc1 Nfd7 11. Bxe7 Qxe7 12. Nxd5 cxd5 13. Rc7 Bc8 14. Bb5 Rd8 15. 0-0 a6 16. Rfc1 Qe8 17. Bc6 Nxc6 18. Nxc6 b5 19. Qc2 Nb6 20. Qc5 Na4 21. Qb4 Be6 22. Re7 Qf8 23. Nxd8 Qxd8 24. Rec7 g6 25. Qa3 Nb6 26. b3 Nd7 27. R1c6 Nf6 28. f3 Nh5 29. Re7 a5 30. Qc5 Ng7 31. g4 h5 32. h3 hxg4 33. hxg4 Ne8 34. Rb7 b4 35. Rbb6 Ng7 36. Rd6 Qh4 37. Kg2 Bxg4 38. fxg4 Qxg4+ 39. Kf2 Nf5 40. Rxg6+ fxg6 41. Qxd5+ Kh7 42. Qh1+ Qh4+ 43. Qxh4+ Nxh4 44. e4 g5 45. e5 Kg7 46. d5 Rd8 47. d6 Kf7 48. Rb7+ Ke6 49. Re7+ Kd5 50. Rg7 Kxe5 51. Rxg5+ Nf5 52. Rg1 Rxd6 53. a3 Rd3 54. axb4 axb4 55. Rb1 Nd4 56. Re1+ 0-1

[Event "Platense-ch"]
[Site "La Plata"]
[Date "2018.01.06"]
[Round "3"]
[White "Lescano, Pablo Martin"]
[Black "Yalet, Nestor Antonio"]
[Result "1-0"]
[WhiteElo "1667"]
[BlackElo "1583"]
[PlyCount "43"]
[EventDate "2018.01.03"]
[EventType "swiss"]
[EventRounds "9"]
[EventCountry "ARG"]
[SourceTitle "EXT 2019"]
[Source "ChessBase"]
[SourceDate "2018.10.10"]
[SourceVersion "1"]
[SourceVersionDate "2018.10.10"]
[SourceQuality "1"]

1. d4 d5 2. c4 c6 3. Nf3 Nf6 4. Nc3 dxc4 5. e4 b5 6. a4 b4 7. e5 Nd5 8. Ne4 a5 9. Bxc4 Ba6 10. Ba2 e6 11. Bg5 Be7 12. Nd6+ Kf8 13. Bxe7+ Qxe7 14. Rc1 Nf4 15. Nc4 Nxg2+ 16. Kf1 Nf4 17. Nfd2 Nd3 18. Rc2 Qh4 19. Qf3 Nf4 20. Ke1 Nd5 21. Nd6 Qf4 22. Bxd5 1-0